Normal view
MARC view
- VEALE,TONY
Entry Personal Name
001 - CONTROL NUMBER
- control field: 91516
003 - CONTROL NUMBER IDENTIFIER
- control field: NUST
005 - DATE AND TIME OF LATEST TRANSACTION
- control field: 20220511162709.0
008 - FIXED-LENGTH DATA ELEMENTS
- fixed length control field: 220511|| aca||aabn | a|a d
040 ## - CATALOGING SOURCE
- Original cataloging agency: NUST
- Transcribing agency: NUST
100 ## - HEADING--PERSONAL NAME
- Personal name: VEALE,TONY
670 ## - SOURCE DATA FOUND
- Source citation: Work cat.: (NUST): VEALE,TONY., COMPUTATIONAL CREATIVITY THE PHILOSOPHY AND ENGINEERING OF AUTONOMOUSLY CREATIVE SYSTEMS /, 2019.
